Numbers in Movies and Literature - Statistics

General Stats
  • This quiz has been taken 643 times
    437 since last reset
  • The average score is 8 of 19
Answer Stats
Hint Number % Correct
James Bond's code number 007
100%
Number of Spartans that fight against Xerxes and his Persian Army 300
86%
The answer to the ultimate question of life, the universe, and everything 42
71%
Platform from which the train leaves to Hogwarts in Harry Potter 9 3/4
67%
Temperature at which books burn, according to Ray Bradbury 451
55%
Number the amplifiers go up to in Spinal Tap 11
49%
The number of dollars Dr. Evil initially wants to hold the world ransom for 1000000
47%
Speed at which the Delorean can initiate time travel 88
45%
The Millennium Falcon made the Kessel run in less than this many parsecs 12
40%
Number of the order given to kill all Jedis 66
40%
Number of hours Aron Ralston was trapped in the canyon 127
34%
Address of Sherlock Holmes on Baker Street 221B
31%
Address of the Dursleys on Privet Drive in Harry Potter 4
29%
In 1984, the number of the room where one's worst nightmares come true 101
28%
Title of 1963 Fellini film 8 1/2
24%
The number of robot Johnny in Short Circuit 5
23%
Number that Jim Carrey's character Walter Sparrow is obsessed with 23
22%
Number of gigawatts required to send Marty back to the future 1.21
14%
In the film The Shining, hotel room Hallorann warns Danny about 237
12%
No matching quizzes found
Score Distribution
Percent of People with Each Score
Percentile by Number Answered
Your Score History
You have not taken this quiz since the last reset